Culture Générale - Série 2137 - Statistiques

Statistiques générales
  • Ce quiz a été pris 78 fois
  • Le résultat moyen est 3 sur 10
Statistiques - réponses
Question Réponse % Correct
Quel animal est appelé alyte accoucheur ? voir photo crapaud
75%
Quel romancier, prénommé Guillaume, a écrit " La jeune fille et la nuit," en 2018 ? Guillaume Musso
63%
Film de Stanley Kubrick avec James Mason, Sue Lyon, Shelley Winters (1962) et reprise d' Adrian Lyne avec Jeremy Irons, Dominique Swain, Melanie Griffith (1997) - d'après le roman de Vladimir Nabokov Lolita
37%
Dans quel département français se trouve la ville de Nérac ? Lot-et-Garonne
36%
Dans quelle région d'Italie se trouve la ville de Trévise ? Vénétie
32%
Quel était le nom de scène de l'acteur américain Roy Harold Scherer (1925-1985) décédé du sida ? Rock Hudson
16%
Dans la marine , quel verbe signifie "faire venir le navire plus près du vent en se servant du gouvernail" ? lofer
11%
Tissu qui recouvre la dentine au niveau de la racine cément
7%
Dans la marine, quel verbe signifie "serrer (une voile) pli par pli contre un espar afin qu'elle oppose le moins de résistance possible au vent" ? ferler
1%
Quelle rivière se jette dans le lac Balkhach au Kazakhstan ? ili
1%
Aucun quiz correspondant
Distribution des résultats
% des personnes avec chaque résultat
Percentile par nombre de réponses
Votre historique - résultats
Vous n’avez pas pris ce quiz